000 01042nam a2200301 a 4500
001 000008271
005 20200929161324.0
008 760817s1984 sp b 000 h spa d
020 _a8427612877
040 _aDO-SdBNP
_cDLC
_dDLC
082 _a867.4
_bC121c, 1984
100 1 _aCadalso, José,
_d1741-1782
_922405
245 1 0 _aCartas marruecas /
_cJosé Cadalso ; edición preparada por Rogelio Reyes Cano.
250 _a4a ed.
260 _aMadrid :
_bNacional,
_cc1984.
300 _a284 p. ;
_c18 cm.
490 1 _aBiblioteca de la literatura y el pensamiento hispánicos
_v7
504 _aIncluye referencias bibliográficas y notas al pie de las páginas.
650 4 _aSátira española
_94899
650 4 _aHumorismo español
_922337
650 4 _aCartas españolas
_99744
650 4 _aLiteratura española
_9632
700 1 _aReyes Cano, Rogelio,
_eed.
_922406
830 0 _aBiblioteca de la literatura y el pensamiento hispánicos ;
_v7
_922407
910 _aCatalogación por copia / LC
910 _aWM
049 _aBNGR
999 _c8042
_d8042